Náuka o kovech

Salvato in:
Dettagli Bibliografici
Natura: Libro
Lingua:ceco
Pubblicazione: Praha SNTL 1972
Tags: Aggiungi Tag
Nessun Tag, puoi essere il primo ad aggiungerne!!

MARC

LEADER 00000nam a2200000 4500
001 c121174
005 20041019155221.0
041 0 |a cze 
044 |a CZ 
245 1 0 |a Náuka o kovech 
264 1 |a Praha  |b SNTL  |c 1972 
300 |a 355 s.